| 000 | 00671nam a22002177a 4500 | ||
|---|---|---|---|
| 005 | 20150319115328.0 | ||
| 008 | 140714b xxu||||| |||| 00| 0 Urdu d | ||
| 010 | _aUR-8744 | ||
| 020 | q |
_c500.00 _a9789380279428 |
|
| 035 | _aU-7299 | ||
| 037 | _bDBAD/Pub. | ||
| 040 |
_aDPL _bUrdu |
||
| 082 | _a841.081 | ||
| 100 | _aمير ا نيس | ||
| 245 |
_aر باغيا ت ا نيس _bمير ا نيس |
||
| 246 |
_aDeewan-e-Rubaiyat-e-Anees _bBy Dr.Syed Taghi Abedi |
||
| 260 |
_aNew Delhi _bShahid Publications _c2012 |
||
| 270 | _a2253,Resham Street ,Kucha Chelan Darya Ganj | ||
| 300 |
_a505-ص _b22Cm.(Pb.) |
||
| 942 |
_2ddc _cUR _h841.081 _mا ن ی |
||
| 999 |
_c92322 _d92322 |
||